000 00313nam a22001337a 4500
008 170616b xxu||||| |||| 00| 0 eng d
020 _a90106
041 _aeng
080 _a32
100 _a20
101 _aSHP
245 _aLATIN AMERICA IN THE INTERNATIONAL POLITICAL SYSTEM
_cATKINS, G.P
942 _2udc
_cBK
999 _c17731
_d17731